Effect of NPK and benzylaminopurine on growth and yield of chickpea / (Record no. 16450)

MARC details
000 -LEADER
fixed length control field 01069nam a22002777a 4500
003 - CONTROL NUMBER IDENTIFIER
control field BD-DhSAU
005 - DATE AND TIME OF LATEST TRANSACTION
control field 20230102152750.0
008 - FIXED-LENGTH DATA ELEMENTS--GENERAL INFORMATION
fixed length control field 150613b2021 bg a|||| m||| 00| 0 eng d
040 ## - CATALOGING SOURCE
Original cataloging agency BD-DhSAU
082 ## - DEWEY DECIMAL CLASSIFICATION NUMBER
Edition number 22
Classification number 630 H344
100 ## - MAIN ENTRY--PERSONAL NAME
Personal name Hasan, A K M Shahid
Relator term Registration # 14-06011
245 ## - TITLE STATEMENT
Title Effect of NPK and benzylaminopurine on growth and yield of chickpea /
Remainder of title MS thesis
Statement of responsibility, etc. A K M Shadid Hasan
260 ## - PUBLICATION, DISTRIBUTION, ETC. (IMPRINT)
Place of publication, distribution, etc. Sher-e-Bangla Agricultural University :
Name of publisher, distributor, etc. Department of Agronomy,
Date of publication, distribution, etc. June, 2021
300 ## - PHYSICAL DESCRIPTION
Extent x, 71 p. :
Other physical details ill. ;
Dimensions 30 cm.
500 ## - GENERAL NOTE
General note MS thesis of Department of Agronomy, Faculty of Agriculture, Sher-e-Bangla Agricultural University, Dhaka, Bangladesh
504 ## - BIBLIOGRAPHY, ETC. NOTE
Bibliography, etc Includes bibliographical reference.
590 ## - Name of Cataloguer
Name of Cataloger kobir
650 ## - SUBJECT ADDED ENTRY--TOPICAL TERM
Topical term or geographic name as entry element Agronomy
650 ## - SUBJECT ADDED ENTRY--TOPICAL TERM
Topical term or geographic name as entry element NPK
650 ## - SUBJECT ADDED ENTRY--TOPICAL TERM
Topical term or geographic name as entry element Benzylaminopurine
650 ## - SUBJECT ADDED ENTRY--TOPICAL TERM
Topical term or geographic name as entry element Chickpea
700 ## - ADDED ENTRY--PERSONAL NAME
Personal name Islam, Md. Shahidul
Relator term Superviser
700 ## - ADDED ENTRY--PERSONAL NAME
Personal name Baque, Md. Abdullahil
Relator term Co-superviser
856 ## - ELECTRONIC LOCATION AND ACCESS
Uniform Resource Identifier <a href="http://archive.saulibrary.edu.bd:8080/xmlui/handle/123456789/4583">http://archive.saulibrary.edu.bd:8080/xmlui/handle/123456789/4583</a>
942 ## - ADDED ENTRY ELEMENTS (KOHA)
Source of classification or shelving scheme Dewey Decimal Classification
Koha item type MS Level Thesis
Holdings
Withdrawn status Lost status Source of classification or shelving scheme Damaged status Not for loan Collection code Home library Branch Name Shelving location Date acquired Total Checkouts Full call number Barcode Date last seen Price effective from Koha item type
    Dewey Decimal Classification   Not For Loan Reference SAU Library SAU Library Reference 22/11/2022   630 H344 44226 02/01/2023 02/01/2023 MS Level Thesis